Normal view
MARC view
- زاغر، نزيهة
Entry Personal Name
001 - CONTROL NUMBER
- control field: 58591
003 - CONTROL NUMBER IDENTIFIER
- control field: JO-AjAnu
005 - DATE AND TIME OF LATEST TRANSACTION
- control field: 20230606083604.0
008 - FIXED-LENGTH DATA ELEMENTS
- fixed length control field: 230606|| aca||aabn | a|a d
040 ## - CATALOGING SOURCE
- Original cataloging agency: JO-AjAnu
- Transcribing agency: JO-AjAnu
100 ## - HEADING--PERSONAL NAME
- Personal name: زاغر، نزيهة
670 ## - SOURCE DATA FOUND
- Source citation: Work cat.: (JO-AjAnu)29887: زاغر، نزيهة, author, تجليات الأدب المقارن: تأثير ألف ليلة وليلة في الأدب الفرنسي